| 000 | 01312nam a2200373 i 4500 | ||
|---|---|---|---|
| 001 | 193032 | ||
| 003 | SpMaBN | ||
| 005 | 20250523062607.0 | ||
| 007 | ta | ||
| 008 | 230723s2019 sp | |||| 000 f spa | ||
| 017 |
_aZA 12-2019 _bOficina Depósito Legal Zamora |
||
| 020 | _a9788485708925 | ||
| 035 | _aa6653095 | ||
| 040 |
_aSpMaBN _bspa _cSpMaBN _erda _dES-MaACL |
||
| 080 | _a821.134.2-31"19" | ||
| 100 | 1 |
_aGarcía Calvo, Agustín, _d1926-2012 _9233841 |
|
| 245 | 1 | 0 |
_aDesnacer / _cAgustín García Calvo |
| 250 | _aPrimera edición, febrero de 2019 | ||
| 264 | 1 |
_aZamora : _bLucina, _c[2019] |
|
| 300 |
_a173 páginas ; _c25 cm |
||
| 336 |
_aTexto _2rdacontent |
||
| 337 |
_asin mediación _2rdamedia |
||
| 338 |
_avolumen _2rdacarrier |
||
| 500 | _a"Narrativa"--Página 4 de la cubierta | ||
| 500 | _aCatalogación provisional. Signatura: N 8522. Depósito J. | ||
| 650 | 7 |
_aNovelas _2embne _9233904 |
|
| 852 |
_aES-MaACL _cDEPOJ _jN 8522 _hDonación: Isabella García _zEn proceso _9200337 |
||
| 903 |
_9233846 _aGarcía, Isabella _ednr |
||
| 942 |
_n0 _cMONOGRAFIA |
||
| 999 |
_c193032 _d193032 |
||